| 000 | 00524nam a2200193 a 4500 | ||
|---|---|---|---|
| 001 | 1771666395102 | ||
| 003 | YourLibrary | ||
| 005 | 20260221150457.0 | ||
| 008 | 260221s1997##################000#0#eng## | ||
| 020 | _a9780792380405 | ||
| 082 | 0 | 4 |
_a338.6048 _bFRI |
| 100 | 1 |
_aFritsch, Michael, _eauthor. |
|
| 245 | 1 | 0 | _aRules of Competition and East-West Integration : |
| 260 |
_bSpringer, _c1997. |
||
| 300 | _a264 pages | ||
| 650 | 0 | _aBusiness & Economics. | |
| 942 | _cENGLISH | ||
| 040 |
_aYourLibrary _beng _cYourLibrary |
||
| 999 |
_c615377 _d615377 |
||